Statystyki dla Jaki kraj reprezentuje ten zawodnik Premier League

Kliknij tutaj aby rozwiązać quiz!

Ogólne statystyki

  • Ten quiz został rozwiązany 21 razy
  • Średni wynik to 14 z 20

Statystyki odpowiedzi

PiłkarzNarodowość% Poprawnych
Luis DiazKolumbia
95%
Miguel AlmironParagwaj
95%
Ben DaviesWalia
90%
Matheus NunesPortugalia
86%
Kobbie MainooAnglia
81%
Gabriel MagalhãesBrazylia
81%
Bryan GilHiszpania
81%
Edson AlvarezMeksyk
81%
Leandro TrossardBelgia
76%
Sven BotmanHolandia
76%
Eberechi EzeAnglia
71%
John McGinnSzkocja
71%
Seamus ColemanIrlandia
67%
Oscar BobbNorwegia
67%
Mario LeminaGabon
62%
Nicolás DomínguezArgentyna
57%
Altay BayındırTurcja
57%
Neco WilliamsWalia
57%
Chris RichardsStany Zjednoczone
43%
Yoane WissaDemokratyczna Republika Kongo
29%

Rozkład punktacji

Percentyl według liczby udzielonych odpowiedzi

Procent ludzi z każdym wynikiem

Twoja historia wyników

Nie rozwiązałeś tego quizu